Liedtext-König der Löwen-Hula-Song - Statistiken

Allgemein
  • Dieses Quiz wurde 16 mal gespielt
  • Das Durchschnittsergebnis liegt bei 24 aus 56
Antwortstatistiken
Antwort % Korrekt
du
71%
Schwein
71%
schwein
71%
Alle
64%
ja
64%
Wir
64%
das
57%
das
57%
dem
57%
Schinken
57%
wollen
57%
der
50%
ein
50%
EU!!!
50%
groß
50%
Hier
50%
im
50%
ist
50%
mit
50%
pumbaa
50%
Schweine
50%
sein
50%
sein
50%
versinken
50%
auf
43%
fette
43%
gutes
43%
gutes
43%
hast
43%
hunger
43%
Jap
43%
Jap
43%
Jap
43%
jap
43%
jap
43%
jap
43%
jap
43%
jap
43%
nimm
43%
dann
36%
Spek
36%
aber
29%
an
29%
dich
29%
fein
29%
Soll´s
29%
stell
29%
wäre
29%
was
29%
denn
21%
festgedeck
21%
dieser
14%
Huau
14%
perfekt
14%
schmeckt
14%
sattes
7%
Keine übereinstimmenden Quizze gefunden
Verteilung der Resultate
Anzahl Personen mit jedem Resultat
Perzentil nach korrekt beantworteten Fragen
Ihre Resultats-Entwicklung
Sie haben dieses Quiz noch nicht gespielt